<?xml version="1.0" encoding="UTF-8"?>
<record
    xmlns:xsi="http://www.w3.org/2001/XMLSchema-instance"
    xsi:schemaLocation="http://www.loc.gov/MARC21/slim http://www.loc.gov/standards/marcxml/schema/MARC21slim.xsd"
    xmlns="http://www.loc.gov/MARC21/slim">

  <leader>02507nam a22001697a 4500</leader>
  <controlfield tag="008">150727b        xxu||||| |||| 00| 0 eng d</controlfield>
  <datafield tag="020" ind1=" " ind2=" ">
    <subfield code="a">9780199656288</subfield>
  </datafield>
  <datafield tag="050" ind1=" " ind2=" ">
    <subfield code="a">KD823.99.P76</subfield>
  </datafield>
  <datafield tag="245" ind1=" " ind2=" ">
    <subfield code="a">Blackstone's status on property law 2012-2013. /</subfield>
    <subfield code="c">edited by Meryl Thomas</subfield>
  </datafield>
  <datafield tag="250" ind1=" " ind2=" ">
    <subfield code="a">20th</subfield>
  </datafield>
  <datafield tag="260" ind1=" " ind2=" ">
    <subfield code="a">Oxford.</subfield>
    <subfield code="b">Oxford university press.</subfield>
    <subfield code="c">2012.</subfield>
  </datafield>
  <datafield tag="300" ind1=" " ind2=" ">
    <subfield code="a">vi,432pgs.:</subfield>
    <subfield code="c">24cm.</subfield>
  </datafield>
  <datafield tag="500" ind1=" " ind2=" ">
    <subfield code="a">Includes index.</subfield>
  </datafield>
  <datafield tag="505" ind1=" " ind2=" ">
    <subfield code="a">Contents: Prescription act 1832 -- Wills act 1837 -- Common law procedure act 1852 -- Wills(Soldiers and sailors)act 1918 -- Law of property act 1922 -- Settled land act 1925 -- Trustee act 1925 -- Law of property act 1925 -- Land registration act 1925 -- Administration of Estates act 1925 -- Law of property(Entailed interests interests) act1932 -- Leasehold property(Repairs) act1938 -- Intestates Estates act 1952 -- Variation of trusts act 1958 -- Rights of light act 1959 -- Perpetuities and accumulations act 1964 -- Law of property act(Joint tenants) act 1964 -- Wills act 1968 -- Law of property act 1969 -- Administration of justice act 1970 -- Matrimonial proceedings and property act 1970 -- Defective premises act 1972 -- Land charges act 1972 -- Administration of justice act 1973 -- Consumer credit act 1974 -- Inheritance(Provision for family and dependants)act 1975 -- Local and land charges act 1975 -- Rent charges act  1977 -- Protection from eviction act 1977 -- Charging orders act 1979 -- Limitation act 1980 -- Senior courts act 1981 -- Forfeiture act 1982 --Administration of justice act 1982 -- Country courts act 1984 -- Land lord and tenants act 1985 -- Land registration act 1986 -- Insolvency act 1986 -- Family law reform act 1987 -- Land lord and tenant act 1988 -- Housing act 1988 -- Law of property(Miscellaneous provisions)act 1989 -- Access to Neighbouring land act 1992  -- Law of property (Miscellaneous provisions) act 1994 -- Pensions act 1995 -- Landlord and tenant(Covenants) act 1995 -- Treasure act 1996 -- Family law act 1996 -- Party wall etc.act 1996 -- Trusts of land and appointment of trustees act 1996 -- Human rights act 1998 -- Trustee delegation act 1999 -- Trustee act 2000 -- Land registration act 2002 -- Commonhold and leasehold reform act 2002 -- Civil partnership act 2004 -- Pension act 2004 -- Perpetuities and Accumulations act 2009 -- Coroners and justice act -- 2009 -- Equity act 2010 -- Mortgage repossessions(Protection of tenants etc) act 2010 -- Charities act 2011.</subfield>
  </datafield>
  <datafield tag="700" ind1=" " ind2=" ">
    <subfield code="a">Thomas, Meryl</subfield>
  </datafield>
  <datafield tag="942" ind1=" " ind2=" ">
    <subfield code="2">lcc</subfield>
    <subfield code="c">BK</subfield>
  </datafield>
  <datafield tag="999" ind1=" " ind2=" ">
    <subfield code="c">5681</subfield>
    <subfield code="d">13181</subfield>
  </datafield>
  <datafield tag="952" ind1=" " ind2=" ">
    <subfield code="0">0</subfield>
    <subfield code="1">0</subfield>
    <subfield code="2">lcc</subfield>
    <subfield code="4">0</subfield>
    <subfield code="7">0</subfield>
    <subfield code="a">WIUC-1</subfield>
    <subfield code="b">WIUC-1</subfield>
    <subfield code="c">LL</subfield>
    <subfield code="d">2015-07-27</subfield>
    <subfield code="l">0</subfield>
    <subfield code="o">KD823.99.P76</subfield>
    <subfield code="p">139/15</subfield>
    <subfield code="r">2015-07-27 00:00:00</subfield>
    <subfield code="w">2015-07-27</subfield>
    <subfield code="y">BK</subfield>
  </datafield>
</record>
